Statistiques concernant Pays les plus proches de Gabon - une minute sprint

Cliquez ici pour prendre le quiz!

Statistiques générales

  • Ce quiz a été pris 76 fois
  • Le résultat moyen est 13 sur 20

Statistiques - réponses

kmpais% Correct
0Congo
99%
158Rép dém du Congo
99%
0Cameroun
91%
0Guinée équatoriale
81%
118Angola
71%
1184Niger
71%
418Nigeria
69%
232République
Centrafricaine
66%
1044Togo
66%
969Bénin
64%
1463Namibie
64%
1442Côte d'Ivoire
60%
1091Ghana
57%
237Sao Tomé-
et-Principe
53%
637Tchad
53%
1435Zambie
47%
1429Burkina Faso
43%
1396Soudan
37%
1604Rwanda
36%
1314Soudan du Sud
31%

Distribution des résultats

Percentile par nombre de réponses

% des personnes avec chaque résultat

Votre développement - résultats

Vous n’avez pas pris ce quiz